PROPONIT 840 EC

Bibliographic Details
Main Author: Villár, Gabriel (Author)
Format: Article
Language:Slovak

MARC

LEADER 00000nab a2200000 a 4500
001 vtls010714918
003 SK-MaSNL
005 20260304192423.0
008 250709s2000 xo |||||||||||||||||slo|
035 |a (urnnbn)urn:nbn:sk:snk:ar-a04f4r 
035 |a (uuid)f31d7d3d-2236-4b44-abe2-50121f290a80 
035 |a urn:nbn:sk:snk-ab3h9q 
040 |a SNKBUCL  |b slo  |c SNKBUCL  |e AACR2 
041 0 |a slo 
044 |a xo  |c SK 
100 1 |a Villár, Gabriel  |4 aut  |9 777892 
245 1 0 |a PROPONIT 840 EC  |c Gabriel Villár 
773 0 |t Naše pole : odborný mesačník pre pestovateľov rastlín  |g Roč. 4, č. 3 (2000), s. [51] 
850 |a Slovenská národná knižnica 
852 |a Slovenská národná knižnica 
954 |a odborná, vedecká literatúra pôvodná (slovenská)  |2 lita 
958 |a article1 
958 |a OND 
958 |a EUIPO 
999 |c 3061721  |d 3063651